Новейшая история зарубежных стран, XX век (Запись № 648758)

Подробности
000 -МАРКЕР
контрольное поле 01905nam0a2200361 4500
001 - ИДЕНТИФИКАТОР ЗАПИСИ
контрольное поле RU\NLR\bibl\116641
005 - ИДЕНТИФИКАТОР ВЕРСИИ
контрольное поле 20260406044239.0
010 ## - МЕЖДУНАРОДНЫЙ СТАНДАРТНЫЙ НОМЕР КНИГИ (ISBN)
Номер (ISBN) 5-691-00560-Х
Тираж 30000
021 ## - НОМЕР ГОСУДАРСТВЕННОЙ РЕГИСТРАЦИИ
Код страны Российская Федерация
Номер 2000-26768
Номер Листа государственной регистраци 1259
035 ## - ДРУГИЕ СИСТЕМНЫЕ НОМЕРА
Идентификатор записи (NLR Aleph) 000114221
100 ## - ДАННЫЕ ОБЩЕЙ ОБРАБОТКИ
Данные общей обработки 20001108d2000 |||y0rusy50 ca
101 0# - ЯЗЫК РЕСУРСА
Язык текста, звукозаписи и т.д. русский
102 ## - СТРАНА ПУБЛИКАЦИИ ИЛИ ПРОИЗВОДСТВА
Страна публикации Российская Федерация
105 ## - ПОЛЕ КОДИРОВАННЫХ ДАННЫХ: ТЕКСТОВЫЕ МАТЕРИАЛЫ, МОНОГРАФИЧЕСКИЕ
Кодированные данные о монографическом текстовом документе a |||||||||
200 1# - ЗАГЛАВИЕ И СВЕДЕНИЯ ОБ ОТВЕТСТВЕННОСТИ
Основное заглавие Новейшая история зарубежных стран, XX век
Сведения, относящиеся к заглавию Учеб. для 11 кл. общеобразоват. учеб. заведений
Первые сведения об ответственности [Д.ист.н., проф. А.М. Родригес, д.ист.н., проф. К.С. Гаджиев, к.ист.н., доц. М.В. Пономарев и др.]
Последующие сведения об ответственности Под ред. д.ист.н. А.М. Родригеса
210 ## - ПУБЛИКАЦИЯ, РАСПРОСТРАНЕНИЕ И ДР.
Место издания, распространения и т.д. М.
Имя издателя, распространителя и т. д. ВЛАДОС
Дата издания, распространения и т.д. 2000
215 ## - ФИЗИЧЕСКАЯ ХАРАКТЕРИСТИКА
Специфическое обозначение материала и объем 399 с.
Другие сведения о физической характеристике ил., портр.
Размеры 22
300 ## - ОБЩИЕ ПРИМЕЧАНИЯ
Текст примечания На обл. подзаг.: 10-11
606 0# - НАИМЕНОВАНИЕ ТЕМЫ КАК ПРЕДМЕТ
Наименование темы Новейшая история
Формальный подзаголовок Руководства, пособия и т.п. для средней школы
Хронологический подзаголовок 20 в.
Системный номер авторитетной/нормативной записи 2104078
Идентификатор авторитетной/нормативной записи RU\NLR\auth\661272199
606 0# - НАИМЕНОВАНИЕ ТЕМЫ КАК ПРЕДМЕТ
Наименование темы Новейшая история
Формальный подзаголовок Учебные издания для средней школы
Хронологический подзаголовок 20 в.
Системный номер авторитетной/нормативной записи 2104078
Идентификатор авторитетной/нормативной записи RU\NLR\auth\661272199
686 ## - ИНДЕКСЫ ДРУГИХ КЛАССИФИКАЦИЙ
Индекс Т3(0)6я72
701 #1 - ИМЯ ЛИЦА - АЛЬТЕРНАТИВНАЯ ОТВЕТСТВЕННОСТЬ
Код отношения Автор
Графика поля Кириллица
Материалы, к которым относится поле rus
Начальный элемент ввода Родригес-Фернандес
Часть имени, кроме начального элемента ввода А. М.
Расширение инициалов личного имени Александр Мануэльевич
Системный номер авторитетной/нормативной записи 191479
Идентификатор авторитетной/нормативной записи RU\NLR\AUTH\770191530
701 #1 - ИМЯ ЛИЦА - АЛЬТЕРНАТИВНАЯ ОТВЕТСТВЕННОСТЬ
Код отношения Автор
Графика поля Кириллица
Материалы, к которым относится поле rus
Начальный элемент ввода Гаджиев
Часть имени, кроме начального элемента ввода К. С.
Расширение инициалов личного имени Камалудин Серажудинович
Системный номер авторитетной/нормативной записи 114146
Идентификатор авторитетной/нормативной записи RU\NLR\auth\774161
701 #1 - ИМЯ ЛИЦА - АЛЬТЕРНАТИВНАЯ ОТВЕТСТВЕННОСТЬ
Код отношения Автор
Графика поля Кириллица
Материалы, к которым относится поле rus
Начальный элемент ввода Пономарев
Часть имени, кроме начального элемента ввода М. В.
Дополнения к именам, кроме дат канд. ист. наук
Расширение инициалов личного имени Михаил Викторович
Системный номер авторитетной/нормативной записи 25050
Идентификатор авторитетной/нормативной записи RU\NLR\auth\7742103
801 #0 - ИСТОЧНИК ЗАПИСИ
Страна Российская Федерация
Организация NLR
Дата составления 20001108
Правила каталогизации PSBO
801 #1 - ИСТОЧНИК ЗАПИСИ
Страна Российская Федерация
Организация NLR
Дата составления 20001108
830 ## - ОБЩЕЕ ПРИМЕЧАНИЕ, СОСТАВЛЕННОЕ КАТАЛОГИЗАТОРОМ
Текст примечания Авт. по кн.
852 ## - МЕСТОНАХОЖДЕНИЕ И ШИФР ХРАНЕНИЯ
Идентификатор организации NLR
Шифр хранения (Call Number) 2000-5/3722
942 ## - ДОПОЛНИТЕЛЬНЫЕ ЭЛЕМЕНТЫ ЗАПИСИ (АБИС)
Тип экземпляра АБИС Книга
980 ## - КОЛЛЕКЦИЯ
Название коллекции Национальная библиография
Экземпляры
Тип экземпляра Дата поступления Источник поступления Стоимость Библиотека постоянного хранения Библиотека текущего хранения Место хранения Шифр хранения Штрих-код Статус экземпляра
Книга 08.11.2000 Обязательный экземпляр   РНБ (Московский) РНБ (Московский) Русский книжный фонд: издания с 1957 года 2000-5/3722 1-766542  
Книга 08.11.2000 Обязательный экземпляр   РНБ (Московский) РНБ (Московский) Русский книжный фонд: издания с 1957 года 2000-5/3722 79301  
Книга 25.01.2004 Покупка 66.00 РНБ (Фонтанка) РНБ (Фонтанка) Юношеский читальный зал Ю Т3(0)6я7/Н-72 1-548070  
Книга 19.06.2014 Источник неизвестен 60.00 РНБ (Фонтанка) РНБ (Фонтанка) Юношеский читальный зал Ю Т3(0)6я7/Н-72 1-548074  
Книга 19.06.2014 Источник неизвестен 60.00 РНБ (Фонтанка) РНБ (Фонтанка) Юношеский читальный зал Ю Т3(0)6я7/Н-72 1-548067